| 000 | 00461nam a22001817a 4500 | ||
|---|---|---|---|
| 999 |
_c525218 _d525218 |
||
| 003 | NUST | ||
| 020 | _a- | ||
| 038 | _aZafar Malik | ||
| 082 |
_a891.421 _bGUJ |
||
| 100 |
_aGujjar, Tariq _915965 |
||
| 245 |
_aRat Ralay Pani \ _cTariq Gujjar |
||
| 260 |
_aFaisalabad : _bHum Khiyal Publishers ; _c2002. |
||
| 300 | _a152 p. ; | ||
| 500 | _aHardcover | ||
| 880 |
_6100-02\r _aطارق گوجر |
||
| 880 |
_6245-02\r _aرت رلے پانی |
||
| 942 |
_2ddc _cBK |
||